Sports Quiz

Random Sports or Soccer Quiz

Top 20 Bundesliga Scorers (Career) Quiz Stats

 Plays Quiz Updated May 28, 2018

Score 0/20 Timer 05:00
1 Play Today
Goals Player % Correct
365Gerd Müller
96.7%
177Dieter Müller
94.8%
202Robert Lewandowski
73.8%
170Mario Gómez
51.1%
197Claudio Pizarro
47.7%
162Karl-Heinz Rummenigge
40.7%
137Uwe Seeler
29.1%
182Ulf Kirsten
25.1%
268Klaus Fischer
22.5%
220Jupp Heynckes
21.1%
Goals Player % Correct
144Stefan Kießling
20.6%
177Klaus Allofs
18.3%
148Thomas Allofs
18.1%
136Horst Hrubesch
15.9%
157Fritz Walter
13.1%
179Stefan Kuntz
13%
213Manfred Burgsmüller
11.9%
160Bernd Hölzenbein
7.1%
166Hannes Löhr
5.4%
141Bernd Nickel
3.7%

You're not logged in!

Compare scores with friends on all Sporcle quizzes.
OR
Log In

Sporcle TV

Today on Sporcle TV


Watch our educational content, quiz creation guides, and fun videos on Sporcle TV.

Show Comments

Extras

Top Quizzes Today


Score Distribution

Your Account Isn't Verified!

In order to create a playlist on Sporcle, you need to verify the email address you used during registration. Go to your Sporcle Settings to finish the process.

Report this User

Report this user for behavior that violates our Community Guidelines.

Details: